Flags of Subnational Units 17 - Statistics

General Stats
  • This quiz has been taken 28 times
  • The average score is 7 of 20
Answer Stats
Picture Hint Answer % Correct
Italy Lombardy
80%
USA West Virginia
80%
France Normandy
55%
UK Devon
45%
Belgium Luxembourg
45%
Ecuador Quito
45%
Brazil Espírito Santo
40%
UK Berkshire
35%
Russia Volgograd Oblast
35%
USA Cincinnati
30%
Chile Iquique
30%
Sweden Skåne County
30%
Austria Carinthia
25%
Brazil Curitiba
25%
Brazil Salvador
25%
Colombia Barranquilla
20%
Argentina San Luis
20%
Netherlands Rotterdam
15%
Hungary Heves
10%
USA South Bend
5%
No matching quizzes found
Score Distribution
Percent of People with Each Score
Percentile by Number Answered
Your Score History
You have not taken this quiz